Catálogo
 En Linea

El arte ecuatoriano. / (Registro nro. 15881)

Detalles MARC
000 -CABECERA
campo de control de longitud fija 00608cam a2200169ma 4500
001 - NÚMERO DE CONTROL
campo de control 000016346
005 - FECHA Y HORA DE LA ÚLTIMA TRANSACCIÓN
campo de control 20200929164401.0
008 - DATOS DE LONGITUD FIJA--INFORMACIÓN GENERAL
campo de control de longitud fija 790223s1959 mx a 000 0 spa
040 ## - FUENTE DE LA CATALOGACIÓN
Centro catalogador/agencia de origen DO-SdBNP
Lengua de catalogación spa
Centro/agencia transcriptor BNPHU
082 ## - NÚMERO DE LA CLASIFICACIÓN DECIMAL DEWEY
Número de clasificación xxxx
Número de documento/Ítem V297a
100 1# - ENTRADA PRINCIPAL--NOMBRE DE PERSONA
Nombre de persona Vargas, José María.
9 (RLIN) 36460
245 13 - MENCIÓN DE TÍTULO
Título El arte ecuatoriano. /
Mención de responsabilidad, etc. Fray José Maria Vargas O.P.
260 ## - PUBLICACIÓN, DISTRIBUCIÓN, ETC.
Lugar de publicación, distribución, etc. Puebla, México :
Nombre del editor, distribuidor, etc. J. M. Cajica, Jr. S. A,
Fecha de publicación, distribución, etc. 1959.
300 ## - DESCRIPCIÓN FÍSICA
Extensión 575 p. :
Otras características físicas ils., retr. ;
Dimensiones 22 cm.
490 1# - MENCIÓN DE SERIE
Mención de serie Biblioteca ecuatoriana mínima.
-- La colonia y la república
830 #0 - PUNTO DE ACCESO ADICIONAL DE SERIE-TÍTULO UNIFORME
Título uniforme Biblioteca ecuatoriana mínima.
Nombre de parte o sección de la obra Colonia y la república
9 (RLIN) 36461
Existencias
Estado de retiro Estado de pérdida Restricciones de uso No para préstamo Código de colección Localización permanente Ubicación/localización actual Ubicación en estantería Fecha de adquisición Número de inventario Total de préstamos Signatura topográfica completa Código de barras Fecha visto por última vez Precio válido a partir de Tipo de ítem Koha
      Excluido de préstamo Monografías: Libros y Folletos General General En catalogación 03.03.2010 LF1   xxxx V297a 16346-10 25.06.2020 25.06.2020 No se presta

Con tecnología Koha